00310pab a2200121 454500008004000000100001600040245004100056260000900097300001000106362000900116650004900125773001400174180718b1984 xxu||||| |||| 00| 0 eng d aAyyar, J.M. aPricing policy in public enterprises c1984 a39-42 aMar. aGovernment Enterprise - Price Fixing - India aLok Udyog